000 00876nmc a2200301 a 4500
003 AR-BaBNM
005 20251128210114.0
008 269019s1995 ||||||||||||||000 | spa||
020 _a84-493-0145-9
040 _cAR-BaBNM
100 1 _aPapert, Seymour
245 1 0 _aLa máquina de los niños
_breplantearse la educación en la era de los ordenadores
250 _a1ª ed.
260 _aBarcelona
_bEdiciones Paidós Ibérica
_c1995
300 0 _a247 p.
490 0 _aPaidós contextos
_v24
504 _aContiene bibliografía p. 239-240
650 4 _aTECNOLOGIA EDUCATIVA
650 4 _aINFORMATICA
650 4 _aENSENANZA POR COMPUTADORA
650 4 _aROL DEL DOCENTE
650 4 _aPROCESO DE APRENDIZAJE
650 4 _aMETODOS DE ENSENANZA
650 4 _aLENGUAJES DE COMPUTACION
650 4 _aPROGRAMAS INFORMATICOS
942 _cBK
998 _cRaquel
999 _c14063
_d14063